| 000 | 00596cab a2200205 4500 | ||
|---|---|---|---|
| 001 | WB2348-22 | ||
| 008 | 090401t1987 xxu||||| |||| 00| 0 eng d | ||
| 035 | _a(Sirsi) u63619 | ||
| 041 | _aeng | ||
| 245 | _aStorm damage compensation | ||
| 260 | _c1987 | ||
| 350 | _a0 | ||
| 490 |
_aDaily Telegraph _v1/12/87 p4 |
||
| 520 | _aThe Agriculture Minister, has announced the payment of compensation to commercial orchard growers and farmers who lost stock in the hurricane. | ||
| 650 | _aSTORM DAMAGE | ||
| 650 | _aWOODLAND | ||
| 690 |
_aInsurance _96249 |
||
| 942 | _n0 | ||
| 948 | _c04/03/1997 | ||
| 999 |
_c39554 _d39554 |
||